[Event "Mallorca-chT Preferente"]
[Site "Palma de Mallorca"]
[Date "2020.02.22"]
[Round "4.2"]
[White "Garcia del Rey, Senen"]
[Black "Vallespir Salor, Gabriel"]
[Result "1-0"]
[WhiteElo "2332"]
[BlackElo "2061"]
[PlyCount "87"]
[EventDate "2020.02.01"]
[EventType "team-tourn"]
[EventRounds "9"]
[EventCountry "ESP"]
[SourceTitle "CBM 195 Extra"]
[Source "ChessBase"]
[SourceDate "2020.05.31"]
[SourceVersion "1"]
[SourceVersionDate "2020.05.31"]
[SourceQuality "1"]
[WhiteTeam "Agora Megaescacs"]
[BlackTeam "Alcudia"]
[WhiteTeamCountry "ESP"]
[BlackTeamCountry "ESP"]

1. e4 c5 2. Nf3 e6 3. d4 cxd4 4. Nxd4 Nc6 5. Nc3 Qc7 6. g3 Nf6 7. Ndb5 Qb8 8. Bf4 Ne5 9. Bxe5 Qxe5 10. f4 Qc5 11. e5 a6 12. Nd6+ Bxd6 13. Qxd6 Qe3+ 14. Be2 Ng4 15. Rf1 Nxh2 16. Rf2 Ng4 17. Rf3 Qg1+ 18. Kd2 Qxa1 19. Rf1 Qxb2 20. Bxg4 a5 21. Rb1 Ra6 22. Rxb2 Rxd6+ 23. exd6 h5 24. Bf3 h4 25. g4 h3 26. Bxb7 Bxb7 27. Rxb7 0-0 28. Rb1 f5 29. g5 Kf7 30. Ke3 Rc8 31. Kd3 Rc6 32. Nb5 Rc5 33. c4 e5 34. Rh1 exf4 35. Kd4 Rc8 36. Rxh3 Kg6 37. Nc7 Kxg5 38. Rh1 f3 39. Ke3 f2 40. Kxf2 Kf4 41. Re1 g5 42. c5 Rh8 43. Nd5+ Kg4 44. Rg1+ 1-0

[Event "Mallorca-chT Preferente"]
[Site "Palma de Mallorca"]
[Date "2020.02.15"]
[Round "3.2"]
[White "Vallespir Salor, Gabriel"]
[Black "Bergas Ferriol, Jeronimo"]
[Result "1-0"]
[WhiteElo "2061"]
[BlackElo "1983"]
[PlyCount "75"]
[EventDate "2020.02.01"]
[EventType "team-tourn"]
[EventRounds "9"]
[EventCountry "ESP"]
[SourceTitle "CBM 195 Extra"]
[Source "ChessBase"]
[SourceDate "2020.05.31"]
[SourceVersion "1"]
[SourceVersionDate "2020.05.31"]
[SourceQuality "1"]
[WhiteTeam "Alcudia"]
[BlackTeam "Maria Salut"]
[WhiteTeamCountry "ESP"]
[BlackTeamCountry "ESP"]

1. c4 Nf6 2. g3 g6 3. Bg2 Bg7 4. Nc3 0-0 5. Nf3 d6 6. 0-0 e5 7. d3 Nc6 8. Rb1 a5 9. a3 h6 10. b4 axb4 11. axb4 Nd7 12. b5 Ne7 13. Bb2 f5 14. Ra1 Rxa1 15. Qxa1 b6 16. Rd1 Nc5 17. Na4 Nd7 18. Nd2 Nf6 19. c5 bxc5 20. Nc4 Bd7 21. Nc3 Be6 22. Na5 g5 23. Na4 Bd5 24. Bxd5+ Nfxd5 25. Qa2 Kh8 26. Nc6 Nxc6 27. Qxd5 Ne7 28. Qc4 Qb8 29. Nc3 Qb7 30. Rb1 Rf6 31. Bc1 Kh7 32. Bd2 Qc8 33. Qa2 Qb7 34. Qa6 Qc8 35. Nd5 Rf7 36. Nxe7 Qxa6 37. bxa6 Rxe7 38. a7 1-0

[Event "Santa Margalida Mallorca-ch"]
[Site "Santa Margalida"]
[Date "2016.11.18"]
[Round "3"]
[White "Vallespir Salor, Gabriel"]
[Black "Sanchez Lopez, Alejandro"]
[Result "1-0"]
[WhiteElo "2024"]
[BlackElo "1815"]
[PlyCount "77"]
[EventDate "2016.11.11"]
[EventType "swiss"]
[EventRounds "8"]
[EventCountry "ESP"]
[SourceTitle "EXT 2018"]
[Source "ChessBase"]
[SourceDate "2017.10.13"]
[SourceVersion "1"]
[SourceVersionDate "2017.10.13"]
[SourceQuality "1"]

1. c4 c5 2. Nc3 e6 3. e4 Nc6 4. Nf3 Nf6 5. d3 d5 6. e5 Ng4 7. Bf4 d4 8. Ne4 Qc7 9. Nd6+ Bxd6 10. exd6 Qa5+ 11. Qd2 Qxd2+ 12. Nxd2 e5 13. Bg3 Kd7 14. h3 Nf6 15. Bh4 b6 16. Bxf6 gxf6 17. g4 Kxd6 18. Bg2 Bb7 19. 0-0 Nd8 20. Bxb7 Nxb7 21. f4 Ke6 22. Ne4 h5 23. fxe5 fxe5 24. Ng5+ Ke7 25. Rxf7+ Kd6 26. Rf6+ Kd7 27. Nf7 Rhf8 28. Nxe5+ Ke7 29. Rxf8 Kxf8 30. Rf1+ Ke7 31. Ng6+ Kd6 32. Rf6+ Kd7 33. Rf7+ Kc6 34. Ne7+ Kd6 35. Nf5+ Kc6 36. g5 Nd6 37. Rf6 Rd8 38. g6 Kc7 39. Nxd6 1-0

[Event "Mallorca-chT Preferente"]
[Site "Mallorca"]
[Date "2016.03.19"]
[Round "9.3"]
[White "Lazarte Anello, David Emiliano"]
[Black "Vallespir Salor, Gabriel"]
[Result "0-1"]
[WhiteElo "2006"]
[BlackElo "2033"]
[PlyCount "63"]
[EventDate "2016.03.01"]
[EventType "team-tourn"]
[EventRounds "9"]
[EventCountry "ESP"]
[SourceTitle "EXT 2024"]
[Source "ChessBase"]
[SourceDate "2023.10.10"]
[SourceVersion "1"]
[SourceVersionDate "2023.10.10"]
[SourceQuality "1"]
[WhiteTeam "Blau Escacs Calvia"]
[BlackTeam "Alcudia"]
[WhiteTeamCountry "ESP"]
[BlackTeamCountry "ESP"]

1. d4 d6 2. e4 Nd7 3. Nc3 c6 4. g3 g6 5. Bg2 Bg7 6. f4 Qb6 7. Nge2 Nh6 8. 0-0 e5 9. Na4 Qa5 10. c3 b5 11. fxe5 Qxa4 12. b3 Qa6 13. exd6 0-0 14. h3 c5 15. Bf4 b4 16. cxb4 cxd4 17. Nxd4 Qb6 18. Be3 Qxd6 19. Nf5 Nxf5 20. exf5 Qe5 21. Bxa8 Qxe3+ 22. Kh2 Bxa1 23. Qxa1 Ba6 24. Re1 Qf2+ 25. Bg2 Bb7 26. Rg1 Bxg2 27. Rxg2 Qxf5 28. Qd4 Ne5 29. g4 Nf3+ 30. Kg3 Nxd4 31. gxf5 Nxf5+ 32. Kf4 0-1

[Event "Palma de Mallorca op U2200"]
[Site "Palma de Mallorca"]
[Date "2013.01.17"]
[Round "6"]
[White "Guerreiro, Nuno M"]
[Black "Vallespir Salor, Gabriel"]
[Result "0-1"]
[WhiteElo "2085"]
[BlackElo "2102"]
[PlyCount "95"]
[EventDate "2013.01.12"]
[EventType "swiss"]
[EventRounds "9"]
[EventCountry "ESP"]
[SourceTitle "EXT 2014"]
[Source "ChessBase"]
[SourceDate "2013.11.20"]
[SourceVersion "1"]
[SourceVersionDate "2013.11.20"]
[SourceQuality "1"]

1. e4 c6 2. d3 d5 3. Nd2 Nf6 4. Ngf3 Bg4 5. g3 dxe4 6. dxe4 Nxe4 7. h3 Bxf3 8. Qxf3 Nxd2 9. Bxd2 Qd5 10. Qxd5 cxd5 11. Bg2 Nc6 12. Bxd5 e6 13. Bg2 0-0-0 14. 0-0-0 Bc5 15. Rhf1 Rd7 16. Rde1 Nb4 17. a3 Na2+ 18. Kb1 Rxd2 19. Kxa2 Rhd8 20. Be4 Bxf2 21. Rb1 f5 22. Bd3 Bxg3 23. Rf3 Bh4 24. Rf4 g5 25. Rc4+ Kb8 26. Rf1 h5 27. Rf3 Bf2 28. Kb3 g4 29. hxg4 hxg4 30. Rff4 Be3 31. Rf1 Rh2 32. Re1 f4 33. Rxe3 fxe3 34. Rxg4 e2 35. Re4 Rd6 36. Bxe2 Kc7 37. Rc4+ Rc6 38. Re4 Kd6 39. Bd3 Rh5 40. Bc4 e5 41. Bd3 Rh2 42. Rg4 Rf2 43. Rg7 Rf3 44. Ka2 Rb6 45. a4 Rf4 46. b3 e4 47. Bc4 Ke5 48. Rd7 0-1

[Event "Palma de Mallorca op U2200"]
[Site "Palma de Mallorca"]
[Date "2013.01.13"]
[Round "2"]
[White "Vallespir Salor, Gabriel"]
[Black "Crespi Lopez, Juan Josep"]
[Result "1/2-1/2"]
[WhiteElo "2102"]
[BlackElo "1972"]
[PlyCount "92"]
[EventDate "2013.01.12"]
[EventType "swiss"]
[EventRounds "9"]
[EventCountry "ESP"]
[SourceTitle "EXT 2014"]
[Source "ChessBase"]
[SourceDate "2013.11.20"]
[SourceVersion "1"]
[SourceVersionDate "2013.11.20"]
[SourceQuality "1"]

1. c4 Nf6 2. Nf3 g6 3. g3 Bg7 4. Bg2 0-0 5. 0-0 d6 6. Nc3 Nc6 7. d3 e5 8. Rb1 a5 9. a3 h6 10. b4 axb4 11. axb4 Be6 12. b5 Ne7 13. Bb2 Qd7 14. Qc2 Bh3 15. Ra1 Bxg2 16. Kxg2 Rab8 17. e3 Nh5 18. d4 exd4 19. Nxd4 f5 20. Nd5 Nxd5 21. cxd5 Bxd4 22. Bxd4 Qxb5 23. e4 Qd7 24. Ra7 Qf7 25. Rc1 fxe4 26. Qxc7 Qxd5 27. Be3 g5 28. Ra5 Qf7 29. Qxd6 Rbd8 30. Qxh6 Qf3+ 31. Kh3 g4+ 32. Kh4 Ng7 33. Rg5 Qf7 34. Rc4 Rd5 35. Rxe4 Rfd8 36. Rexg4 Rxg5 37. Qxg5 Rd5 38. Qxg7+ Qxg7 39. Rxg7+ Kxg7 40. Kg4 b5 41. Kf4 b4 42. Ke4 Rb5 43. Bd4+ Kg6 44. f4 b3 45. Bb2 Rc5 46. Kd3 Rc2 1/2-1/2

[Event "Mallorca-chT Primera"]
[Site "Palma de Mallorca"]
[Date "2012.03.03"]
[Round "5.3"]
[White "Garrido Lluy, Javier"]
[Black "Vallespir Salor, Gabriel"]
[Result "0-1"]
[WhiteElo "1821"]
[BlackElo "2094"]
[PlyCount "48"]
[EventDate "2012.01.28"]
[EventType "team"]
[EventRounds "9"]
[EventCountry "ESP"]
[SourceTitle "EXT 2014"]
[Source "ChessBase"]
[SourceDate "2013.11.20"]
[SourceVersion "1"]
[SourceVersionDate "2013.11.20"]
[SourceQuality "1"]

1. e4 c5 2. Nf3 e6 3. c3 Nf6 4. e5 Nd5 5. d4 cxd4 6. cxd4 d6 7. Nc3 Nxc3 8. bxc3 Qc7 9. Bd2 Bd7 10. Bd3 Bc6 11. 0-0 Nd7 12. Re1 Be7 13. c4 dxe5 14. Nxe5 Nxe5 15. Bf4 Bd6 16. Bxe5 Bxe5 17. Rxe5 0-0-0 18. Qg4 Qd6 19. Rd5 Bxd5 20. cxd5 Qxd5 21. Rc1+ Kb8 22. Be4 f5 23. Qg3+ Qd6 24. Qxd6+ Rxd6 0-1

[Event "Mallorca-chT Primera"]
[Site "Palma de Mallorca"]
[Date "2012.02.18"]
[Round "3.2"]
[White "Navarrete Abraham, Jorge"]
[Black "Vallespir Salor, Gabriel"]
[Result "0-1"]
[WhiteElo "1898"]
[BlackElo "2094"]
[PlyCount "60"]
[EventDate "2012.01.28"]
[EventType "team"]
[EventRounds "9"]
[EventCountry "ESP"]
[SourceTitle "EXT 2014"]
[Source "ChessBase"]
[SourceDate "2013.11.20"]
[SourceVersion "1"]
[SourceVersionDate "2013.11.20"]
[SourceQuality "1"]

1. c4 Nf6 2. Nf3 g6 3. g3 Bg7 4. Bg2 0-0 5. 0-0 d6 6. Nc3 e5 7. d4 Nbd7 8. Bg5 c6 9. dxe5 dxe5 10. Ne4 Qc7 11. Qd6 Ne8 12. Qd2 f6 13. Bh6 f5 14. Bxg7 fxe4 15. Bxf8 exf3 16. Bh6 fxg2 17. Rfd1 Ndf6 18. Qc3 Bh3 19. Rd2 Ng4 20. Bg5 h6 21. Be3 Nef6 22. f3 Qf7 23. Rd3 e4 24. Rd6 exf3 25. exf3 Ne4 26. Rxg6+ Qxg6 27. fxe4 Rf8 28. Bf4 Nf6 29. Re1 Nh5 30. Qe3 Qg4 0-1

[Event "Mallorca-chA"]
[Site "Palma de Mallorca"]
[Date "2011.12.17"]
[Round "8"]
[White "Navarrete Solano, Jorge Jose"]
[Black "Vallespir Salor, Gabriel"]
[Result "1/2-1/2"]
[WhiteElo "2055"]
[BlackElo "2103"]
[PlyCount "42"]
[EventDate "2011.10.29"]
[EventType "swiss"]
[EventRounds "8"]
[EventCountry "ESP"]
[SourceTitle "EXT 2014"]
[Source "ChessBase"]
[SourceDate "2013.11.20"]
[SourceVersion "1"]
[SourceVersionDate "2013.11.20"]
[SourceQuality "1"]

1. d4 Nf6 2. c4 e5 3. dxe5 Ng4 4. Nf3 Nc6 5. e3 Bb4+ 6. Bd2 Qe7 7. a3 Bxd2+ 8. Nbxd2 a5 9. Be2 Ngxe5 10. Nxe5 Nxe5 11. 0-0 0-0 12. Nf3 Nxf3+ 13. Bxf3 Ra6 14. Qd2 Rh6 15. Rfd1 Qh4 16. h3 Rg6 17. Qxa5 Qxh3 18. Kf1 Qh2 19. Ke2 d5 20. g3 Re8 21. cxd5 Bf5 1/2-1/2

[Event "Mallorca-chA"]
[Site "Palma de Mallorca"]
[Date "2011.11.19"]
[Round "5"]
[White "Vallespir Salor, Gabriel"]
[Black "Bergas Ferriol, Jeronimo"]
[Result "1/2-1/2"]
[WhiteElo "2103"]
[BlackElo "2043"]
[PlyCount "55"]
[EventDate "2011.10.29"]
[EventType "swiss"]
[EventRounds "8"]
[EventCountry "ESP"]
[SourceTitle "EXT 2014"]
[Source "ChessBase"]
[SourceDate "2013.11.20"]
[SourceVersion "1"]
[SourceVersionDate "2013.11.20"]
[SourceQuality "1"]

1. Nc3 c5 2. Nf3 Nc6 3. e3 e6 4. d4 Nf6 5. Bd3 d5 6. Bd2 Be7 7. dxc5 Bxc5 8. Qe2 a6 9. g4 Nxg4 10. Rg1 e5 11. h3 Nf6 12. e4 dxe4 13. Nxe4 Nxe4 14. Qxe4 Be6 15. Nxe5 Nxe5 16. Qxe5 Qb6 17. Be3 Bxe3 18. fxe3 0-0-0 19. 0-0-0 Rd5 20. Qf4 g6 21. Bc4 Rxd1+ 22. Rxd1 Bxc4 23. Qxc4+ Qc7 24. Qg4+ f5 25. Qh4 Re8 26. Rd3 Kb8 27. Qa4 Re7 28. Qd4 1/2-1/2

[Event "Mallorca-chT"]
[Site "Palma de Mallorca"]
[Date "2002.02.16"]
[Round "5.4"]
[White "Ducros Salva, Antonio"]
[Black "Vallespir Salor, Gabriel"]
[Result "1/2-1/2"]
[WhiteElo "2183"]
[BlackElo "2106"]
[PlyCount "62"]
[EventDate "2002.??.??"]
[EventType "team"]
[EventRounds "10"]
[EventCountry "ESP"]
[SourceTitle "EXT 2003"]
[Source "ChessBase"]
[SourceDate "2002.11.25"]
[SourceVersion "1"]
[SourceVersionDate "2002.11.25"]
[SourceQuality "1"]

1. c4 Nf6 2. Nc3 g6 3. g3 Bg7 4. Bg2 0-0 5. d3 d6 6. e4 e5 7. Nge2 Be6 8. 0-0 Qd7 9. f3 c6 10. Bg5 h6 11. Be3 Na6 12. Qd2 Kh7 13. f4 Bh3 14. Rae1 Bxg2 15. Kxg2 Nc7 16. d4 exd4 17. Bxd4 Rae8 18. Bxf6 Bxf6 19. e5 Be7 20. Rd1 Rd8 21. exd6 Qxd6 22. Qxd6 Rxd6 23. Rxd6 Bxd6 24. Ne4 Be7 25. f5 gxf5 26. Rxf5 Kg6 27. Rf3 Ne6 28. Rb3 b6 29. Rd3 Rd8 30. Rxd8 Nxd8 31. Kf3 Ne6 1/2-1/2

[Event "Mallorca-chT"]
[Site "Palma de Mallorca"]
[Date "2002.01.26"]
[Round "2.4"]
[White "Vallespir Salor, Gabriel"]
[Black "Pulido Sancho, Alfredo"]
[Result "1-0"]
[WhiteElo "2106"]
[BlackElo "2063"]
[PlyCount "71"]
[EventDate "2002.??.??"]
[EventType "team"]
[EventRounds "10"]
[EventCountry "ESP"]
[SourceTitle "EXT 2003"]
[Source "ChessBase"]
[SourceDate "2002.11.25"]
[SourceVersion "1"]
[SourceVersionDate "2002.11.25"]
[SourceQuality "1"]

1. c4 Nf6 2. Nf3 c5 3. g3 Nc6 4. Bg2 g6 5. 0-0 Bg7 6. Nc3 0-0 7. d3 d6 8. Bg5 h6 9. Bd2 a6 10. Rb1 Rb8 11. a3 b5 12. cxb5 axb5 13. b4 cxb4 14. axb4 Bd7 15. Ne1 Qc8 16. Nc2 Bh3 17. Na3 Bxg2 18. Kxg2 Na7 19. e3 Qa6 20. Ra1 Nd7 21. d4 Rfc8 22. Qf3 Qb7 23. Qxb7 Rxb7 24. Nd5 Nb6 25. Nxb6 Rxb6 26. Rac1 Rxc1 27. Rxc1 Ra6 28. Nb1 Kf8 29. Rc7 Ke8 30. Nc3 e5 31. d5 Ra3 32. Ne4 Ra6 33. Rb7 Bf8 34. Nf6+ Kd8 35. Rd7+ Kc8 36. Rxf7 1-0

[Event "Mallorca-ch 0102 Preferente"]
[Site "Palma de Mallorca"]
[Date "2001.10.27"]
[Round "3"]
[White "Vallespir Salor, Gabriel"]
[Black "Pons Morro, Mateo Andres"]
[Result "1/2-1/2"]
[WhiteElo "2106"]
[BlackElo "2239"]
[PlyCount "57"]
[EventDate "2001.10.06"]
[EventType "swiss"]
[EventRounds "7"]
[EventCountry "ESP"]
[SourceTitle "EXT 2003"]
[Source "ChessBase"]
[SourceDate "2002.11.25"]
[SourceVersion "1"]
[SourceVersionDate "2002.11.25"]
[SourceQuality "1"]

1. c4 Nf6 2. Nf3 e6 3. g3 b6 4. Bg2 Bb7 5. 0-0 c5 6. Nc3 Be7 7. e3 0-0 8. d4 cxd4 9. exd4 d5 10. Ne5 Qc8 11. cxd5 exd5 12. Bg5 Nbd7 13. Rc1 Qd8 14. Qa4 h6 15. Nxd7 Nxd7 16. Bxe7 Qxe7 17. Nxd5 Qd6 18. Ne7+ Qxe7 19. Bxb7 Rab8 20. Bg2 Nf6 21. Rfe1 Qd6 22. d5 Rfe8 23. Qc6 Qb4 24. Qc3 Qxc3 25. bxc3 Rxe1+ 26. Rxe1 Rc8 27. Re3 Kf8 28. h3 Ne8 29. Kf1 1/2-1/2

[Event "Mallorca-chT Preferente"]
[Site "Palma de Mallorca"]
[Date "2001.03.17"]
[Round "11.3"]
[White "Ferrer Roig, Juan"]
[Black "Vallespir Salor, Gabriel"]
[Result "1-0"]
[WhiteElo "2088"]
[BlackElo "2129"]
[PlyCount "107"]
[EventDate "2001.01.13"]
[EventType "team"]
[EventRounds "14"]
[EventCountry "ESP"]
[SourceTitle "EXT 2002"]
[Source "ChessBase"]
[SourceDate "2001.11.25"]
[SourceVersion "1"]
[SourceVersionDate "2001.11.25"]
[SourceQuality "1"]

1. Nf3 Nf6 2. d4 g6 3. c4 Bg7 4. Nc3 0-0 5. g3 d6 6. Bg2 Nc6 7. 0-0 a6 8. Bg5 h6 9. Bd2 Rb8 10. Rc1 Bg4 11. Be3 Qd7 12. d5 Na5 13. b3 c5 14. dxc6 Nxc6 15. Nd5 Bh3 16. Nxf6+ Bxf6 17. Bxh6 Bxg2 18. Kxg2 Rfc8 19. Qd2 Qf5 20. Qf4 Qa5 21. Qd2 Qa3 22. Ng5 Nb4 23. Ne4 Bb2 24. Rb1 Bh8 25. h4 d5 26. cxd5 Rc2 27. Qf4 Rd8 28. d6 Nd5 29. Qg5 Nf6 30. dxe7 Qxe7 31. Nxf6+ Bxf6 32. Qe3 Rxe2 33. Qxe7 Bxe7 34. Rfe1 Rxe1 35. Rxe1 Bb4 36. Re2 f6 37. Bf4 Kf7 38. Rc2 Rd7 39. Rc7 Rxc7 40. Bxc7 f5 41. Bb6 Ke6 42. Kf3 Bd6 43. Ke3 Kd5 44. Kd3 Be5 45. Be3 Bf6 46. f3 b5 47. Bg5 Be5 48. g4 fxg4 49. fxg4 a5 50. a4 bxa4 51. bxa4 Bc7 52. Bf6 Kc5 53. Ke4 Bg3 54. h5 1-0

[Event "Mallorca-chT Preferente"]
[Site "Palma de Mallorca"]
[Date "2001.02.03"]
[Round "4.4"]
[White "Enguis Vidal, Carlos"]
[Black "Vallespir Salor, Gabriel"]
[Result "0-1"]
[WhiteElo "1877"]
[BlackElo "2129"]
[PlyCount "56"]
[EventDate "2001.01.13"]
[EventType "team"]
[EventRounds "14"]
[EventCountry "ESP"]
[SourceTitle "EXT 2002"]
[Source "ChessBase"]
[SourceDate "2001.11.25"]
[SourceVersion "1"]
[SourceVersionDate "2001.11.25"]
[SourceQuality "1"]

1. d4 Nf6 2. Nf3 g6 3. Bf4 Bg7 4. e3 0-0 5. Bd3 d6 6. c3 Nc6 7. Nbd2 e5 8. dxe5 dxe5 9. Nxe5 Nxe5 10. Bxe5 Qxd3 11. Bxc7 Nd5 12. Bg3 Re8 13. Nf3 Qxd1+ 14. Rxd1 Be6 15. 0-0 Nb6 16. a3 Nc4 17. Nd4 a6 18. Rfe1 Nxb2 19. Rb1 Nd3 20. Red1 Nc5 21. Bd6 Ne4 22. Bb4 a5 23. f3 axb4 24. fxe4 bxc3 25. Rxb7 Rab8 26. Rc7 Rec8 27. Nxe6 Rxc7 28. Nxc7 c2 0-1

[Event "Mallorca-chT Preferente"]
[Site "Palma de Mallorca"]
[Date "2001.01.13"]
[Round "1.4"]
[White "Pont Mulet, Antonio"]
[Black "Vallespir Salor, Gabriel"]
[Result "1-0"]
[WhiteElo "2287"]
[BlackElo "2129"]
[PlyCount "81"]
[EventDate "2001.01.13"]
[EventType "team"]
[EventRounds "14"]
[EventCountry "ESP"]
[SourceTitle "EXT 2002"]
[Source "ChessBase"]
[SourceDate "2001.11.25"]
[SourceVersion "1"]
[SourceVersionDate "2001.11.25"]
[SourceQuality "1"]

1. e4 c5 2. c3 Nf6 3. e5 Nd5 4. d4 cxd4 5. Nf3 e6 6. cxd4 Nc6 7. Bc4 Nb6 8. Bd3 Be7 9. a3 d6 10. 0-0 Nd7 11. Bf4 dxe5 12. dxe5 g5 13. Bg3 g4 14. Nfd2 Ndxe5 15. Bb5 Bd7 16. Re1 Ng6 17. Nc3 h5 18. Nde4 a6 19. Ba4 b5 20. Bb3 0-0 21. Qd2 Na5 22. Ba2 Kg7 23. Rad1 Bc6 24. Qe3 Qc8 25. Qd4+ f6 26. Nd6 e5 27. Qb6 Bxd6 28. Rxd6 Rd8 29. Red1 Rxd6 30. Rxd6 Qf8 31. Rd1 Qb8 32. Qxa5 h4 33. Bxh4 Nxh4 34. Qb4 Qc8 35. Qe7+ Kg6 36. Rd6 Qh8 37. Rxc6 Nf3+ 38. gxf3 gxf3 39. Ne4 Rf8 40. Rxf6+ Rxf6 41. Qxf6+ 1-0

[Event "Mallorca-ch pref"]
[Site "Palma de Mallorca"]
[Date "2000.10.21"]
[Round "1"]
[White "Vallespir Salor, Gabriel"]
[Black "Pont Mulet, Antonio"]
[Result "1/2-1/2"]
[WhiteElo "2129"]
[BlackElo "2294"]
[PlyCount "74"]
[EventDate "2000.??.??"]
[EventType "swiss"]
[EventRounds "8"]
[EventCountry "ESP"]
[SourceTitle "EXT 2003"]
[Source "ChessBase"]
[SourceDate "2002.11.25"]
[SourceVersion "1"]
[SourceVersionDate "2002.11.25"]
[SourceQuality "1"]

1. c4 e5 2. Nc3 Nf6 3. Nf3 Nc6 4. g3 Bb4 5. Nd5 Bc5 6. Bg2 d6 7. d3 Nxd5 8. cxd5 Ne7 9. d4 exd4 10. Nxd4 0-0 11. 0-0 Re8 12. b3 Nf5 13. Nxf5 Bxf5 14. Bb2 Be4 15. b4 Bb6 16. e3 Qe7 17. Bh3 Qg5 18. Bg2 Qg6 19. Bc3 a5 20. bxa5 Bxa5 21. Rc1 Bb6 22. Qb3 Ra7 23. Rfd1 Rea8 24. Rd2 Bxg2 25. Kxg2 Qe4+ 26. Kg1 Qf3 27. Bd4 Bxd4 28. Rxd4 Rxa2 29. Rf4 Qe2 30. Qxb7 g5 31. Rxf7 R8a7 32. Rcxc7 Ra1+ 33. Kg2 Qf1+ 34. Kf3 Qd1+ 35. Kg2 Qh1+ 36. Kh3 Qf1+ 37. Kg4 Rxb7 1/2-1/2